Study taking available benefit from tamao zoological garden and wildlife resue center by local community, ការសិក្សាពីលទ្ធភាពទាញយកអត្តប្រយោជន៏របស់សហគមន៏មូលដ្ឋានពីឧទ្យានសួនសត្វ និងមជ្ឍមណ្ឌលសង្រ្គោះសត្វព្រៃភ្នំតាម៉ៅ (Record no. 3314)

000 -LEADER
fixed length control field 00784nam a22001577a 4500
003 - CONTROL NUMBER IDENTIFIER
control field OSt
005 - DATE AND TIME OF LATEST TRANSACTION
control field 20151111145308.0
008 - FIXED-LENGTH DATA ELEMENTS--GENERAL INFORMATION
fixed length control field 151111b xxu||||| |||| 00| 0 eng d
040 ## - CATALOGING SOURCE
Transcribing agency RUA
082 ## - DEWEY DECIMAL CLASSIFICATION NUMBER
Classification number FOR TAN 2006 B132 Or.1
100 ## - MAIN ENTRY--PERSONAL NAME
9 (RLIN) 3559
Personal name TANG, HOL.
245 ## - TITLE STATEMENT
Title Study taking available benefit from tamao zoological garden and wildlife resue center by local community, ការសិក្សាពីលទ្ធភាពទាញយកអត្តប្រយោជន៏របស់សហគមន៏មូលដ្ឋានពីឧទ្យានសួនសត្វ និងមជ្ឍមណ្ឌលសង្រ្គោះសត្វព្រៃភ្នំតាម៉ៅ
260 ## - PUBLICATION, DISTRIBUTION, ETC. (IMPRINT)
Place of publication, distribution, etc. Phnom Penh
Name of publisher, distributor, etc. RUA
Date of publication, distribution, etc. 2006
300 ## - PHYSICAL DESCRIPTION
Extent ix; 56p.
Other physical details ill.
Dimensions 29cm.
942 ## - ADDED ENTRY ELEMENTS (KOHA)
Source of classification or shelving scheme
Koha item type FOR
Holdings
Price effective from Date last seen Permanent Location Not for loan Date acquired Source of classification or shelving scheme Koha item type Barcode Lost status Damaged status Shelving location Withdrawn status Current Location Full call number
2015-11-112015-11-11Library Block B 2015-11-11 FORRUA028324  B132 Library Block BFOR TAN 2006 B132 Or.1
2015-11-112015-11-11Library Block B 2015-11-11 FORRUA028947  B132 Library Block BFOR TAN 2006 B132 Or.2
2015-11-112015-11-11Library Block B 2015-11-11 FORRUA028385  B132 Library Block BFOR TAN 2006 B132 Or.3
2015-11-112015-11-11Library Block B 2015-11-11 FORRUA028089  B132 Library Block BFOR TAN 2006 B132 Or.4
មជ្ឈមណ្ឌលឯការនៃសាកលវិទ្យាល័យភូមិន្ទកសិកម្មចំការដូង

Powered by Koha